States in St Lawrence River Catchment - Statistics

General Stats
  • This quiz has been taken 56 times
  • The average score is 11 of 12
Answer Stats
State/Province % Correct
Ohio
100%
Illinois
98%
New York
98%
Pennsylvania
96%
Indiana
93%
Michigan
93%
Minnesota
91%
Ontario
91%
Quebec
91%
Vermont
89%
Wisconsin
89%
New Brunswick
71%
No matching quizzes found
Score Distribution
Percent of People with Each Score
Percentile by Number Answered
Your Score History
You have not taken this quiz